Những trận chiến của Paypal : ... với ebay, giới truyền thông, mafia, và phần còn lại của thế giới
Tài liệu là những bài học kinh doanh có giá trị của giới doanh nghiệp Mỹ.
Na minha lista:
| Autor principal: | |
|---|---|
| Formato: | Livro |
| Idioma: | Undetermined |
| Publicado em: |
Hà Nội
Văn hóa Thông tin
2009
|
| Assuntos: | |
| Tags: |
Adicionar Tag
Sem tags, seja o primeiro a adicionar uma tag!
|
| Thư viện lưu trữ: | Trung tâm Học liệu Trường Đại học Cần Thơ |
|---|
| LEADER | 00905nam a2200229Ia 4500 | ||
|---|---|---|---|
| 001 | CTU_155118 | ||
| 008 | 210402s9999 xx 000 0 und d | ||
| 020 | |c 65000 | ||
| 082 | |a 332.178 | ||
| 082 | |b J12 | ||
| 100 | |a Jackson, Eric M. | ||
| 245 | 0 | |a Những trận chiến của Paypal : | |
| 245 | 0 | |b ... với ebay, giới truyền thông, mafia, và phần còn lại của thế giới | |
| 245 | 0 | |c Eric M. Jackson ; Bản tiếng Việt Lê Thanh Lộc | |
| 260 | |a Hà Nội | ||
| 260 | |b Văn hóa Thông tin | ||
| 260 | |c 2009 | ||
| 520 | |a Tài liệu là những bài học kinh doanh có giá trị của giới doanh nghiệp Mỹ. | ||
| 650 | |a Electronic funds transfers equipment industry,Electronic commerce,Payment | ||
| 650 | |z United States | ||
| 904 | |i Bạch Trúc | ||
| 980 | |a Trung tâm Học liệu Trường Đại học Cần Thơ | ||